Original Disney Princesses - Statistics

General Stats
  • This quiz has been taken 225 times
    206 since last reset
  • The average score is 7 of 8
Answer Stats
Hint Answer % Correct
Her movie came out in 1938 Snow White
99%
Her movie came out in 1950 Cinderella
94%
Her movie came out in 1959 Aurora
92%
Her movie came out in 1998 Mulan
89%
Her movie came out in 1995 Pocahontas
83%
Her movie came out in 1989 Ariel
82%
Her movie came out in 1991 Belle
80%
Her movie cane out in 1992 Jasmine
76%
No matching quizzes found
Score Distribution
Percent of People with Each Score
Percentile by Number Answered
Your Score History
You have not taken this quiz since the last reset